Batman Villains - Statistics

General Stats
  • This quiz has been taken 461 times
    127 since last reset
  • The average score is 19 of 36
Answer Stats
Villain % Correct
The Joker
99%
Bane
94%
The Penguin
93%
Poison Ivy
90%
The Riddler
90%
Catwoman
89%
Harley Quinn
89%
Mr. Freeze
86%
Two Face
86%
Killer Croc
84%
Scarecrow
81%
Ra's Al Ghul
76%
Man Bat
73%
Clayface
70%
Firefly
63%
Mad Hatter
63%
Deadshot
56%
Deathstroke
53%
Talia Al Ghul
51%
Hush
50%
Red Hood
48%
Black Mask
46%
Professor Hugo Strange
46%
Solomon Grundy
43%
Professor Pyg
38%
Calendar Man
35%
Victor Zsasz
34%
Court of Owls (Talons)
29%
The Ventriloquist
23%
Anarky
20%
Owlman
15%
Lady Shiva
10%
The Clock King
10%
Cluemaster
8%
Maxie Zeus
8%
Phantasm
1%
No matching quizzes found
Score Distribution
Percent of People with Each Score
Percentile by Number Answered
Your Score History
You have not taken this quiz since the last reset